000
00322nam a22001217a 4500
008
160430b xxu||||| |||| 00| 0 eng d
020
_a
9780397550562
020
_a
0397550561
041
_a
eng
080
_a
618.2
245
_a
Management decision making for nursing:
_c
Bessie L. Marquis; Carol J. Huston;
942
_2
udc
_c
BK
999
_c
1699
_d
1699